| 000 | 00578cam a22002051 4500 | ||
|---|---|---|---|
| 003 | BD-RjUL | ||
| 005 | 20250720145602.0 | ||
| 008 | 250720s1965 xx 000 1 eng | ||
| 035 | _a(BD-RjUL) | ||
| 040 |
_aDLC _cN _dUk _dDLC _beng |
||
| 041 | _aeng | ||
| 082 |
_a829.3 _223 _bBOD 1965 |
||
| 100 | 1 |
_aBonjour, Adrien. _916101 |
|
| 245 | 1 | 4 |
_aThe digressions in Beowulf. / _cAdrien Bonjour |
| 260 |
_aOxford, _bBlasil Blackwell, _c1965. |
||
| 300 |
_axvi, 80 p. _c25 cm. |
||
| 504 | _aBibliography: p. 77-78. | ||
| 942 |
_2ddc _cBK |
||
| 999 |
_c85245 _d85245 |
||